|
|
|
|
| LEADER |
00000nam a2200000 i 4500 |
| 001 |
1/20921 |
| 008 |
051219s2000 gre d |
| 020 |
|
|
|a 960-431-671-0
|
| 035 |
|
|
|l 10081737
|
| 040 |
|
|
|a GR-MY-UA
|b gre
|e aacr
|
| 041 |
0 |
|
|a gre
|
| 082 |
0 |
|
|a 551.9
|2 (22)
|
| 100 |
1 |
|
|a Θεοδωρίκας, Στέργιος Σ.
|
| 245 |
1 |
0 |
|a Γεωχημεία /
|c Στέργιος Σ. Θεοδωρίκας
|
| 250 |
|
|
|a 2η έκδ.
|
| 260 |
|
|
|a Θεσσαλονίκη :
|b Ζήτη,
|c 2000
|
| 300 |
|
|
|a 541 σ.;
|b σχήμ., πιν.;
|c 24 εκ.
|
| 504 |
|
|
|a Περιέχει βιβλιογραφία (σ. 511-526) και ευρετήριο
|
| 650 |
0 |
0 |
|a Geochemistry.
|
| 852 |
|
|
|a INST
|b LESVOS
|e 20051219
|h 551.9 ΘΕΟ
|p 005100033802
|q 005100033802
|t BK
|y 0
|
| 852 |
|
|
|a INST
|b LESVOS
|e 20051219
|h 551.9 ΘΕΟ
|p 005100033803
|q 005100033803
|t BK
|y 0
|
| 852 |
|
|
|a INST
|b LESVOS
|e 20051219
|h 551.9 ΘΕΟ
|p 005100033804
|q 005100033804
|t BK
|y 0
|
| 852 |
|
|
|a INST
|b LESVOS
|e 20051219
|h 551.9 ΘΕΟ
|p 005100033805
|q 005100033805
|t BK
|y 0
|
| 852 |
|
|
|a INST
|b LESVOS
|e 20051219
|h 551.9 ΘΕΟ
|p 005100033806
|q 005100033806
|t BK
|y 0
|
| 852 |
|
|
|a INST
|b LESVOS
|e 20051219
|h 551.9 ΘΕΟ
|p 005100033807
|q 005100033807
|t BK
|y 0
|
| 852 |
|
|
|a INST
|b LESVOS
|e 20051219
|h 551.9 ΘΕΟ
|p 005100033808
|q 005100033808
|t BK
|y 0
|
| 852 |
|
|
|a INST
|b LESVOS
|e 20051219
|h 551.9 ΘΕΟ
|p 005100033809
|q 005100033809
|t BK
|y 0
|
| 852 |
|
|
|a INST
|b LESVOS
|e 20051219
|h 551.9 ΘΕΟ
|p 005100033810
|q 005100033810
|t BK
|y 0
|
| 901 |
|
|
|a BIBL1-2005-3
|
| 909 |
|
|
|a Λ
|b 118016
|
| 909 |
|
|
|a Λ
|b 118015
|
| 909 |
|
|
|a Λ
|b 118014
|
| 909 |
|
|
|a Λ
|b 118013
|
| 909 |
|
|
|a Λ
|b 118012
|
| 909 |
|
|
|a Λ
|b 118011
|
| 909 |
|
|
|a Λ
|b 118010
|
| 909 |
|
|
|a Λ
|b 118009
|
| 909 |
|
|
|a Λ
|b 118008
|
| 920 |
|
|
|a ΔΙΕΥΡΥΝΣΗ
|b ΕΠΕΑΕΚ-ΤΕΘ
|y ΛΕΣΒΟΣ
|z 2005-12
|
| 970 |
|
|
|a ΚΑΡΑ
|b ΓΙΑΣΕΜΗ
|z 2005/12/19
|